[Event "Madrid San Viator op 22nd"]
[Site "Madrid"]
[Date "2014.06.01"]
[Round "9"]
[White "Aziz Ortego, Omar Luis"]
[Black "Bolea Jover, Jose"]
[Result "0-1"]
[WhiteElo "2107"]
[BlackElo "2035"]
[PlyCount "110"]
[EventDate "2014.03.23"]
[EventType "swiss"]
[EventRounds "9"]
[EventCountry "ESP"]
[SourceTitle "EXT 2015"]
[Source "ChessBase"]
[SourceDate "2014.11.20"]
[SourceVersion "1"]
[SourceVersionDate "2014.11.20"]
[SourceQuality "1"]

1. e4 c5 2. c4 Nc6 3. Nf3 g6 4. d4 cxd4 5. Nxd4 Bg7 6. Nc2 Qb6 7. Nd2 Nf6 8. Be2 0-0 9. 0-0 d6 10. Kh1 Nd4 11. f3 Be6 12. Ne3 Rac8 13. Rb1 Qa6 14. a3 Nxe2 15. Qxe2 d5 16. b3 Bh6 17. exd5 Nxd5 18. Nxd5 Bxd5 19. Qxe7 Rfe8 20. Qh4 Be3 21. Bb2 g5 22. Qg4 Be6 23. Qg3 Bf4 24. Qf2 Bf5 25. Ne4 Bxe4 26. fxe4 Qg6 27. Qxa7 Rxe4 28. Rbe1 Qh5 29. Qg1 Bxh2 30. Qxh2 Rh4 31. Qxh4 Qxh4+ 32. Kg1 Qg3 33. Re5 Rd8 34. Rfe1 h5 35. R5e3 Qg4 36. Re4 Qf5 37. Re5 Qg4 38. R5e4 Qg3 39. R4e3 Qd6 40. b4 Qc6 41. c5 Rd2 42. R1e2 Rxe2 43. Rxe2 Qd5 44. Kf2 f5 45. Ke1 f4 46. g3 fxg3 47. Re5 Qh1+ 48. Kd2 Qg2+ 49. Kc3 Qf3+ 50. Kc4 Qf4+ 51. Bd4 g2 52. Kd5 h4 53. Bg1 h3 54. Re8+ Kf7 55. Rh8 Qf5+ 0-1

[Event "Madrid San Viator op 22nd"]
[Site "Madrid"]
[Date "2014.05.18"]
[Round "7"]
[White "Bolea Jover, Jose"]
[Black "Elissalt Cardenas, Hector"]
[Result "0-1"]
[WhiteElo "2035"]
[BlackElo "2369"]
[PlyCount "96"]
[EventDate "2014.03.23"]
[EventType "swiss"]
[EventRounds "9"]
[EventCountry "ESP"]
[SourceTitle "EXT 2015"]
[Source "ChessBase"]
[SourceDate "2014.11.20"]
[SourceVersion "1"]
[SourceVersionDate "2014.11.20"]
[SourceQuality "1"]

1. e4 e5 2. Bc4 Nf6 3. d3 c6 4. Qe2 Be7 5. Nf3 0-0 6. 0-0 Qc7 7. Bb3 a5 8. a4 Na6 9. c3 Nc5 10. Bc2 d6 11. d4 Ne6 12. Na3 Re8 13. dxe5 dxe5 14. Nc4 Nd7 15. Be3 b5 16. Na3 bxa4 17. Bxa4 Ba6 18. c4 Ndc5 19. Bc2 Rab8 20. Bd2 Nd4 21. Nxd4 exd4 22. Rfb1 Qd7 23. Bd1 Nxe4 24. Qxe4 Bxa3 25. Qd3 Bb4 26. Bxb4 Rxb4 27. Bc2 g6 28. b3 a4 29. Qd2 axb3 30. Qxb4 bxc2 31. Re1 Rxe1+ 32. Rxe1 d3 33. Qd2 Bxc4 34. Ra1 Qd4 35. Re1 Kg7 36. h4 h5 37. g3 Be6 38. Kg2 c5 39. f3 c4 40. Qg5 Qf6 41. Qe3 Bd5 42. Rf1 Qb2 43. Kh3 Be6+ 44. g4 Qf6 45. Kg3 hxg4 46. f4 Bf5 47. Rc1 c3 48. Ra1 d2 0-1

[Event "Madrid San Viator op 22nd"]
[Site "Madrid"]
[Date "2014.04.06"]
[Round "3"]
[White "Bolea Jover, Jose"]
[Black "Castillo Sanz, Javier"]
[Result "1-0"]
[WhiteElo "2035"]
[BlackElo "1815"]
[PlyCount "41"]
[EventDate "2014.03.23"]
[EventType "swiss"]
[EventRounds "9"]
[EventCountry "ESP"]
[SourceTitle "EXT 2015"]
[Source "ChessBase"]
[SourceDate "2014.11.20"]
[SourceVersion "1"]
[SourceVersionDate "2014.11.20"]
[SourceQuality "1"]

1. e4 g5 2. d4 h6 3. Nc3 d6 4. h3 c6 5. Bc4 b5 6. Bb3 Nf6 7. a3 Nbd7 8. Nf3 Qc7 9. Be3 Bg7 10. Qd2 Bb7 11. Nh2 e5 12. dxe5 dxe5 13. 0-0-0 Bf8 14. Qe2 Nc5 15. Bxc5 Bxc5 16. Ng4 Nxg4 17. Qxg4 Qe7 18. Qf5 Bc8 19. Bxf7+ Kf8 20. Be6+ Kg7 21. Bxc8 1-0

[Event "Madrid San Viator op 22nd"]
[Site "Madrid"]
[Date "2014.03.30"]
[Round "2"]
[White "Renteria Becerra, Jorge Elicer"]
[Black "Bolea Jover, Jose"]
[Result "1-0"]
[WhiteElo "2299"]
[BlackElo "2035"]
[PlyCount "95"]
[EventDate "2014.03.23"]
[EventType "swiss"]
[EventRounds "9"]
[EventCountry "ESP"]
[SourceTitle "EXT 2015"]
[Source "ChessBase"]
[SourceDate "2014.11.20"]
[SourceVersion "1"]
[SourceVersionDate "2014.11.20"]
[SourceQuality "1"]

1. e4 c5 2. Nf3 Nc6 3. d4 cxd4 4. Nxd4 g6 5. c4 Bg7 6. Nc2 d6 7. Be2 Qb6 8. Nd2 Nf6 9. 0-0 0-0 10. Rb1 Bh6 11. Bf3 Ne5 12. Qe2 Nxf3+ 13. Nxf3 Bxc1 14. Rfxc1 Bg4 15. Ne3 Bxf3 16. Qxf3 Qd4 17. Nd5 Nxd5 18. exd5 Rac8 19. b3 Rc7 20. Re1 b5 21. cxb5 Rc2 22. Rbd1 Rd2 23. h3 e5 24. dxe6 fxe6 25. Rxd2 Qxd2 26. Qe2 Qxe2 27. Rxe2 e5 28. Rc2 Rf7 29. Rc6 Rd7 30. Kf1 Kf7 31. Ke2 d5 32. b6 axb6 33. Rxb6 Rc7 34. Kd2 Ke7 35. a4 Kd7 36. a5 Rc6 37. Rb5 Kd6 38. b4 e4 39. Rb7 Ke5 40. b5 Rc4 41. a6 Ra4 42. a7 d4 43. b6 Ra2+ 44. Kc1 d3 45. Rb8 Ra1+ 46. Kb2 d2 47. Rd8 Ra6 48. Kc2 1-0

[Event "Madrid Oliver Gonzalez Memorial 2nd"]
[Site "Madrid"]
[Date "2011.10.16"]
[Round "9"]
[White "Bolea Jover, Jose"]
[Black "Ortega Ruiz, Jose Miguel"]
[Result "1-0"]
[WhiteElo "2021"]
[BlackElo "2266"]
[PlyCount "49"]
[EventDate "2011.10.08"]
[EventType "swiss"]
[EventRounds "9"]
[EventCountry "ESP"]
[SourceTitle "CBM 144 Extra"]
[Source "ChessBase"]
[SourceDate "2011.10.28"]
[SourceVersion "1"]
[SourceVersionDate "2011.10.28"]
[SourceQuality "1"]

1. e4 d5 2. exd5 Qxd5 3. Nc3 Qa5 4. d4 Nf6 5. Nf3 Bg4 6. h3 Bh5 7. g4 Bg6 8. Ne5 e6 9. Bg2 c6 10. h4 Nbd7 11. Nxd7 Kxd7 12. Bd2 h6 13. g5 hxg5 14. hxg5 Rxh1+ 15. Bxh1 Ne8 16. d5 cxd5 17. Nxd5 Qa4 18. Nc3 Qxc2 19. Nb5 Qxd1+ 20. Rxd1 Bc2 21. Rc1 a6 22. Rxc2 axb5 23. Bxb7 Rxa2 24. Bc6+ Kd8 25. Bxe8 1-0

[Event "Madrid Oliver Gonzalez Memorial 2nd"]
[Site "Madrid"]
[Date "2011.10.14"]
[Round "7"]
[White "Bolea Jover, Jose"]
[Black "Martin Rueda, Daniel"]
[Result "1/2-1/2"]
[WhiteElo "2021"]
[BlackElo "2311"]
[PlyCount "91"]
[EventDate "2011.10.08"]
[EventType "swiss"]
[EventRounds "9"]
[EventCountry "ESP"]
[SourceTitle "CBM 144 Extra"]
[Source "ChessBase"]
[SourceDate "2011.10.28"]
[SourceVersion "1"]
[SourceVersionDate "2011.10.28"]
[SourceQuality "1"]

1. e4 c5 2. c3 Nf6 3. e5 Nd5 4. d4 cxd4 5. cxd4 d6 6. Nf3 Nc6 7. Bc4 Nb6 8. Bb5 dxe5 9. Nxe5 Bd7 10. Nxd7 Qxd7 11. 0-0 Rd8 12. Nc3 e6 13. Re1 Be7 14. Be3 0-0 15. Qf3 Nxd4 16. Bxd4 Qxd4 17. Rad1 Qb4 18. Qxb7 Bf6 19. Qxa7 Qxb2 20. Rxd8 Bxd8 21. Re3 Nd5 22. Nxd5 Qxb5 23. Nc3 Qb2 24. Qd7 Bf6 25. Nd1 Qxa2 26. Rd3 h6 27. Qb5 Rc8 28. h3 Qa1 29. Kh2 Rc1 30. Qd7 Qe5+ 31. g3 Qe1 32. h4 g6 33. Qa4 Kg7 34. Rd7 Be5 35. Qb3 Rxd1 36. Rxd1 Qxf2+ 37. Kh3 Qf5+ 38. Kg2 Qe4+ 39. Qf3 Qc2+ 40. Kh3 g5 41. hxg5 hxg5 42. Rd7 Qh7+ 43. Kg2 Qc2+ 44. Kh3 Qh7+ 45. Kg2 Qc2+ 46. Kh3 1/2-1/2

[Event "Madrid Oliver Gonzalez Memorial 2nd"]
[Site "Madrid"]
[Date "2011.10.12"]
[Round "5"]
[White "Bolea Jover, Jose"]
[Black "Vazquez Torres, Adrian"]
[Result "1-0"]
[WhiteElo "2021"]
[BlackElo "2148"]
[PlyCount "129"]
[EventDate "2011.10.08"]
[EventType "swiss"]
[EventRounds "9"]
[EventCountry "ESP"]
[SourceTitle "CBM 144 Extra"]
[Source "ChessBase"]
[SourceDate "2011.10.28"]
[SourceVersion "1"]
[SourceVersionDate "2011.10.28"]
[SourceQuality "1"]

1. e4 c5 2. c3 e6 3. d4 d5 4. exd5 Qxd5 5. Nf3 Nc6 6. Na3 Bd7 7. Be3 cxd4 8. Nb5 Rc8 9. Nfxd4 Nxd4 10. Qxd4 Qxd4 11. Bxd4 a6 12. Nd6+ Bxd6 13. Bxg7 f6 14. Bxh8 Ke7 15. Rd1 Be5 16. Bd3 Ba4 17. Rd2 Bf4 18. Re2 Bc6 19. f3 Kf7 20. Bc4 Bd5 21. Bxd5 exd5 22. g3 Bd6 23. Kf2 Ne7 24. Bxf6 Kxf6 25. Rhe1 Kf7 26. Kg2 Nc6 27. Re6 Bf8 28. R6e2 Rc7 29. Rd1 Ne7 30. Rd4 Bg7 31. Rf4+ Bf6 32. g4 Ng6 33. Rb4 a5 34. Ra4 b5 35. Rxa5 Nf4+ 36. Kf1 Nxe2 37. Kxe2 Rb7 38. Kd3 Be5 39. h4 Bc7 40. Ra8 Bb6 41. f4 Bf2 42. h5 Bg3 43. f5 Kf6 44. Kd4 Rd7 45. Ra5 Bf2+ 46. Kd3 Rb7 47. Ra8 b4 48. Rd8 bxc3 49. bxc3 Ra7 50. Rxd5 Rxa2 51. Rd7 Ra4 52. c4 Ra3+ 53. Ke4 Re3+ 54. Kf4 Re7 55. g5+ Kf7 56. g6+ hxg6 57. fxg6+ Kf8 58. Rxe7 Kxe7 59. h6 Kf8 60. Kf5 Be3 61. h7 Kg7 62. Ke4 Bb6 63. Kd5 Bd8 64. c5 Bc7 65. c6 1-0

[Event "Collado Villalba op 28th"]
[Site "Collado Villalba"]
[Date "2011.08.25"]
[Round "3"]
[White "Bolea Jover, Jose"]
[Black "Gonzalez Mateos, Rafael"]
[Result "1-0"]
[WhiteElo "2021"]
[BlackElo "2186"]
[PlyCount "65"]
[EventDate "2011.08.23"]
[EventType "swiss"]
[EventRounds "9"]
[EventCountry "ESP"]
[SourceTitle "CBM 144 Extra"]
[Source "ChessBase"]
[SourceDate "2011.10.28"]
[SourceVersion "1"]
[SourceVersionDate "2011.10.28"]
[SourceQuality "1"]

1. e4 e6 2. d4 d5 3. exd5 exd5 4. Nf3 Bd6 5. Bd3 Ne7 6. 0-0 Bg4 7. h3 Bh5 8. c3 Nbc6 9. Re1 Qd7 10. Be3 h6 11. Nbd2 0-0 12. c4 dxc4 13. Bxc4 Rad8 14. a3 a6 15. Rc1 Nf5 16. Qc2 Bg6 17. Bd3 Be7 18. Be4 Nxe3 19. Rxe3 Bxe4 20. Nxe4 Rfe8 21. Rd1 Bf8 22. d5 f5 23. Nc5 Bxc5 24. Rxe8+ Qxe8 25. Qxc5 Qe7 26. Qc4 Kh8 27. Re1 Qf7 28. Rd1 Na5 29. Ne5 Qf6 30. Qxc7 Re8 31. f4 b6 32. b4 Nb3 33. Qc3 1-0

[Event "Collado Villalba op 28th"]
[Site "Collado Villalba"]
[Date "2011.08.24"]
[Round "2"]
[White "Callejo Hernanz, Jesus Maria"]
[Black "Bolea Jover, Jose"]
[Result "0-1"]
[WhiteElo "1806"]
[BlackElo "2021"]
[PlyCount "94"]
[EventDate "2011.08.23"]
[EventType "swiss"]
[EventRounds "9"]
[EventCountry "ESP"]
[SourceTitle "CBM 144 Extra"]
[Source "ChessBase"]
[SourceDate "2011.10.28"]
[SourceVersion "1"]
[SourceVersionDate "2011.10.28"]
[SourceQuality "1"]

1. d4 d5 2. c4 c6 3. e3 Nf6 4. Nf3 e6 5. Nbd2 Nbd7 6. Bd3 Bd6 7. 0-0 0-0 8. Qc2 h6 9. b3 e5 10. dxe5 Nxe5 11. Nxe5 Bxe5 12. Bb2 Bxb2 13. Qxb2 Bg4 14. Rfe1 Re8 15. Nf1 Qc7 16. h3 dxc4 17. Bxc4 Bh5 18. Ng3 Bg6 19. Rad1 Rad8 20. Rxd8 Rxd8 21. Qc1 Qa5 22. Rd1 Rxd1+ 23. Qxd1 b5 24. Bd3 Qxa2 25. Bxg6 fxg6 26. Qd3 Kh7 27. Ne2 Qa1+ 28. Kh2 Qe5+ 29. Ng3 a5 30. f4 Qd5 31. Qc2 Qd6 32. Ne2 Qe6 33. Qd3 Qe4 34. Qd2 Nd5 35. Qd4 Qxe3 36. Qe5 Qxe5 37. fxe5 a4 38. bxa4 bxa4 39. Nd4 a3 40. Nb3 g5 41. Kg3 Kg6 42. Kf3 Kf5 43. e6 Kxe6 44. Ke4 a2 45. Na1 Nf4 46. Kf3 Ke5 47. Kg4 Nxg2 0-1

[Event "Collado Villalba op 28th"]
[Site "Collado Villalba"]
[Date "2011.08.23"]
[Round "1"]
[White "Bolea Jover, Jose"]
[Black "Aranda Marin, Cristian"]
[Result "0-1"]
[WhiteElo "2021"]
[BlackElo "2310"]
[PlyCount "118"]
[EventDate "2011.08.23"]
[EventType "swiss"]
[EventRounds "9"]
[EventCountry "ESP"]
[SourceTitle "CBM 144 Extra"]
[Source "ChessBase"]
[SourceDate "2011.10.28"]
[SourceVersion "1"]
[SourceVersionDate "2011.10.28"]
[SourceQuality "1"]

1. e4 e6 2. d4 d5 3. exd5 exd5 4. c4 Nf6 5. Nc3 Be7 6. cxd5 0-0 7. Bc4 Nbd7 8. Nf3 Nb6 9. Qb3 a5 10. a4 Bb4 11. 0-0 Nxc4 12. Qxc4 b6 13. Bg5 Ba6 14. Nb5 Qxd5 15. Qxc7 Ne4 16. Qe5 Qc6 17. d5 Qg6 18. Be3 Nc5 19. Bxc5 Bxc5 20. Rfe1 Rad8 21. Nfd4 Bb7 22. Nc3 Rd7 23. Nf5 h6 24. Rad1 Rfd8 25. h3 f6 26. Qe6+ Qf7 27. Qxf7+ Kxf7 28. Ne3 Rc8 29. Nc2 Ba6 30. Rd2 Bc4 31. Re4 Bd6 32. Rdd4 Rdc7 33. Ne3 Bb3 34. Rd3 Be5 35. d6 Rd7 36. f4 Rxd6 37. Ncd5 Bxd5 38. fxe5 Bxe4 39. Rxd6 f5 40. g3 Rc1+ 41. Kf2 Rh1 42. Nc4 Rh2+ 43. Ke3 Rxh3 44. Rxb6 Rxg3+ 45. Kd4 Rd3+ 46. Kc5 Rd5+ 47. Kc6 Rxe5+ 48. Kd7 Rd5+ 49. Nd6+ Kf6 50. Kc7 Rc5+ 51. Kd7 Ke5 52. b4 axb4 53. Rxb4 Bd3 54. Nb7 Rd5+ 55. Kc7 f4 56. a5 f3 57. Rb2 g5 58. Nd8 Rxd8 59. Kxd8 g4 0-1

[Event "Madrid Oliver Gonzalez Memorial 1st"]
[Site "Madrid"]
[Date "2010.10.17"]
[Round "9"]
[White "Lopez de Turiso, Jose Angel"]
[Black "Bolea Jover, Jose"]
[Result "1/2-1/2"]
[WhiteElo "2097"]
[BlackElo "1909"]
[PlyCount "82"]
[EventDate "2010.10.09"]
[EventType "swiss"]
[EventRounds "9"]
[EventCountry "ESP"]
[SourceTitle "CBM 138 Extra"]
[Source "ChessBase"]
[SourceDate "2010.10.29"]
[SourceVersion "1"]
[SourceVersionDate "2010.10.29"]
[SourceQuality "1"]

1. e4 d5 2. Nc3 d4 3. Nce2 e5 4. f4 Nc6 5. Nf3 Bg4 6. Nxe5 Nxe5 7. fxe5 Qg5 8. d3 Qxe5 9. Bf4 Qa5+ 10. Qd2 Qb6 11. c3 Bxe2 12. Bxe2 0-0-0 13. 0-0-0 Nf6 14. Kb1 Bc5 15. Rc1 c6 16. cxd4 Bxd4 17. Rc4 Rhe8 18. Rhc1 Be5 19. g4 Bxf4 20. Qxf4 Qc7 21. Qf2 Kb8 22. g5 Nd7 23. Qxf7 Qxh2 24. R4c2 Qe5 25. Qb3 Nb6 26. Rc5 Qh2 27. Bf1 Re5 28. Qf7 Rxc5 29. Rxc5 g6 30. Qf6 Qc7 31. Qe5 Nd7 32. Qxc7+ Kxc7 33. Rc2 Ne5 34. Rh2 Rd7 35. Kc2 Rf7 36. Be2 c5 37. Kd2 Kd6 38. Ke3 a6 39. d4 cxd4+ 40. Kxd4 Nc6+ 41. Ke3 Ke5 1/2-1/2

[Event "Madrid Oliver Gonzalez Memorial 1st"]
[Site "Madrid"]
[Date "2010.10.15"]
[Round "7"]
[White "Blanco Sanchez, Jose Fernando"]
[Black "Bolea Jover, Jose"]
[Result "0-1"]
[WhiteElo "2123"]
[BlackElo "1909"]
[PlyCount "100"]
[EventDate "2010.10.09"]
[EventType "swiss"]
[EventRounds "9"]
[EventCountry "ESP"]
[SourceTitle "CBM 138 Extra"]
[Source "ChessBase"]
[SourceDate "2010.10.29"]
[SourceVersion "1"]
[SourceVersionDate "2010.10.29"]
[SourceQuality "1"]

1. g3 d5 2. Bg2 c6 3. b3 Nf6 4. Bb2 g6 5. Bxf6 exf6 6. d4 Bg7 7. Nf3 0-0 8. 0-0 Bg4 9. Nbd2 Re8 10. h3 Bxf3 11. Nxf3 f5 12. Qd2 Nd7 13. c3 Nf6 14. Qc2 Ne4 15. Nd2 Qe7 16. e3 Bh6 17. Nxe4 fxe4 18. h4 Rac8 19. c4 Qd6 20. c5 Qf6 21. b4 g5 22. hxg5 Bxg5 23. Bh3 Rc7 24. Qe2 Qg6 25. Kg2 h5 26. Rh1 Kg7 27. Kf1 Rh8 28. Ke1 Qf6 29. Kd1 h4 30. g4 b6 31. Kc2 bxc5 32. bxc5 Rb8 33. Rab1 Rcb7 34. Rxb7 Rxb7 35. Rb1 Rxb1 36. Kxb1 Qe7 37. Kc2 Qc7 38. Kd2 Qa5+ 39. Kd1 Qc3 40. Qd2 Qa1+ 41. Qc1 Qxa2 42. Qc2 Qa3 43. Qc1 Qb3+ 44. Ke1 a5 45. Qd1 Qa3 46. Bf1 a4 47. Be2 h3 48. Kf1 Bxe3 49. g5 Bxg5 50. Bh5 Qc1 0-1

[Event "Madrid Oliver Gonzalez Memorial 1st"]
[Site "Madrid"]
[Date "2010.10.11"]
[Round "3"]
[White "Ramos Aldoradin, John Paul"]
[Black "Bolea Jover, Jose"]
[Result "0-1"]
[WhiteElo "2126"]
[BlackElo "1909"]
[PlyCount "60"]
[EventDate "2010.10.09"]
[EventType "swiss"]
[EventRounds "9"]
[EventCountry "ESP"]
[SourceTitle "CBM 138 Extra"]
[Source "ChessBase"]
[SourceDate "2010.10.29"]
[SourceVersion "1"]
[SourceVersionDate "2010.10.29"]
[SourceQuality "1"]

1. e4 d5 2. exd5 Nf6 3. Bb5+ Bd7 4. Be2 Bf5 5. Nf3 Nxd5 6. d4 e6 7. 0-0 Be7 8. a3 Nc6 9. h3 0-0 10. c4 Nb6 11. Nc3 Bf6 12. Be3 Qd7 13. Qb3 Nxd4 14. Nxd4 Bxd4 15. Rad1 c5 16. Bxd4 cxd4 17. c5 Qc6 18. Bf3 Qxc5 19. Ne4 Bxe4 20. Bxe4 Rab8 21. f4 Rfd8 22. f5 e5 23. f6 g6 24. h4 d3+ 25. Kh2 Rd4 26. Rfe1 d2 27. Re3 Nc4 28. h5 Nxe3 29. hxg6 hxg6 30. Qxe3 Rbd8 0-1

[Event "Collado Villalba op-A 27th"]
[Site "Collado Villalba"]
[Date "2010.08.25"]
[Round "6"]
[White "Bolea Jover, Jose"]
[Black "Rodriguez de Castro, Ayar"]
[Result "1/2-1/2"]
[WhiteElo "1909"]
[BlackElo "2121"]
[PlyCount "59"]
[EventDate "2010.08.20"]
[EventType "swiss"]
[EventRounds "10"]
[EventCountry "ESP"]
[SourceTitle "CBM 138 Extra"]
[Source "ChessBase"]
[SourceDate "2010.10.29"]
[SourceVersion "1"]
[SourceVersionDate "2010.10.29"]
[SourceQuality "1"]

1. e4 d6 2. d4 Nf6 3. Bd3 Nbd7 4. Nf3 e5 5. c3 Be7 6. 0-0 c6 7. Re1 a5 8. a4 Qc7 9. Qb3 Nf8 10. dxe5 dxe5 11. Be3 Be6 12. Bb6 Qd6 13. Bc4 Bxc4 14. Qxc4 c5 15. Ng5 Ne6 16. Nxe6 fxe6 17. Qb5+ Nd7 18. Bxa5 b6 19. Na3 Rxa5 20. Nc4 Rxb5 21. Nxd6+ Bxd6 22. axb5 Bb8 23. c4 Ke7 24. Red1 Nf6 25. f3 Rd8 26. Rxd8 Kxd8 27. Kf2 Kc8 28. Ke3 Bd6 29. Ra8+ Bb8 30. b3 1/2-1/2

[Event "Galapagar op 10th"]
[Site "Galapagar"]
[Date "2009.07.19"]
[Round "2"]
[White "Bolea Jover, Jose"]
[Black "Bolea Jover, Ignacio"]
[Result "1-0"]
[WhiteElo "1879"]
[BlackElo "1601"]
[PlyCount "121"]
[EventDate "2009.07.18"]
[EventType "swiss"]
[EventRounds "9"]
[EventCountry "ESP"]
[SourceTitle "EXT 2010"]
[Source "ChessBase"]
[SourceDate "2010.11.25"]
[SourceVersion "1"]
[SourceVersionDate "2010.11.25"]
[SourceQuality "1"]

1. e4 e5 2. Bc4 Nf6 3. d3 d6 4. c3 Be7 5. Nf3 Be6 6. Bxe6 fxe6 7. Qb3 Qc8 8. 0-0 0-0 9. Ng5 d5 10. Re1 Nc6 11. exd5 exd5 12. Nf3 Bd6 13. Bg5 Qe6 14. Nbd2 Ne7 15. Ne4 Nxe4 16. dxe4 Ng6 17. Qxd5 Qxd5 18. exd5 Rae8 19. Re4 h6 20. Bd2 Rf7 21. Rae1 Rfe7 22. c4 b6 23. b4 Nf8 24. Nh4 Rf7 25. Bc3 Nd7 26. Ng6 Rf5 27. f4 Nf6 28. R4e2 e4 29. h3 h5 30. Be5 Bxe5 31. fxe5 Nd7 32. Rxe4 Kh7 33. Nf4 Rexe5 34. Ne6 Rxe4 35. Rxe4 Nf6 36. Re1 Ne8 37. Ng5+ Rxg5 38. Rxe8 b5 39. Rc8 bxc4 40. Rxc7 Rxd5 41. Rxc4 Rb5 42. a4 Rd5 43. Rc5 Rd1+ 44. Kf2 Kg6 45. Rc6+ Kh7 46. b5 Rd7 47. Rc4 Kg6 48. a5 Rd5 49. Rb4 Rd7 50. b6 axb6 51. Rxb6+ Kf5 52. Rb5+ Kg6 53. Ke3 Kh6 54. a6 Ra7 55. Ra5 Kg6 56. Kd4 Kf6 57. Kc5 Rxa6 58. Rxa6+ Kf5 59. g4+ hxg4 60. hxg4+ Kxg4 61. Rg6+ 1-0